| 000 | 00376nam a2200157Ia 4500 | ||
|---|---|---|---|
| 003 | OSt | ||
| 005 | 20240202145255.0 | ||
| 008 | 170523s9999 xx 000 0 und d | ||
| 020 | _a978-1462521135 | ||
| 040 | _ciimt university meerut | ||
| 100 | _aDARLINGTON- RICHARD B | ||
| 245 | 0 | _aREGRESSION AND LINEAR MODELS | |
| 260 | _bMC GRAW HILL | ||
| 260 | _c1990 | ||
| 942 |
_2ddc _c02 |
||
| 999 |
_c240 _d240 |
||